| 000 | 00000nam##2200000za#4500 |
| 001 | 9.696622 |
| 003 | CaOODSP |
| 005 | 20210624235122 |
| 007 | cr ||||||||||| |
| 008 | 150407|1998||||xxc|||||o f|0| 0 eng|d |
| 040 | |aCaOODSP|beng |
| 043 | |an-cn--- |
| 086 | 1 |aH68-46/1998E-PDF |
| 110 | 1 |aCanada.|bNational Council of Welfare. |
| 245 | 10|aChild benefits : |h[electronic resource]|bkids are still hungry |
| 260 | |aOttawa - Ontario : |bNational Council of Welfare |cAutumn 1998. |
| 300 | |a37p.|bgraphs, tables |
| 500 | |a"This report is a sequel to a 1997 report entitled Child benefits: a small step forward [Cat. No. H68-41/1997E; ISBN 0-662-25697-2]. It puts forward a better way of using federal money for families with children that would not discriminate against single-parent families."--Introduction. |
| 500 | |aThe catalogue number (H68-46/1998E) and ISBN (0-662-27392-3) for the print edition have been incorrectly copied in this electronic publication. |
| 520 | 3 |aThis report is a sequel to a 1997 report entitled Child benefits: a small step forward [Cat. No. H68-41/1997E; ISBN 0-662-25697-2]. It puts forward a better way of using federal money for families with children that would not discriminate against single-parent families.--Introduction |
| 590 | |a12-38-Supp|b2012-09-27 |
| 690 | 07|aChild support|2gcpds |
| 775 | 08|tLes prestations familiales : |w(CaOODSP)9.640730 |
| 776 | 0#|tChild benefits: kids are still hungry : |w(CaOODSP)9.647189 |
| 856 | 40|ahttp://publications.gc.ca|qPDF|s1.08 MB|uhttps://publications.gc.ca/collections/collection_2012/cnb-ncw/H68-46-1998-eng.pdf |